000 00676nam a22001937a 4500
999 _c6916
_d6916
003 NALT
005 20210325175509.0
008 s2530 th tha d
040 _aNALT
050 _aJQ1745.A1 น17ส
100 0 _aนรนิติ เศรษฐบุตร
245 1 0 _aสนุกกับการเมือง /
_cนรนิติ เศรษฐบุตร.
260 _aกรุงเทพฯ :
_bดอกหญ้า,
_c2530.
300 _a78 หน้า :
_c26 ซม.
651 0 _aไทย
_xการเมืองและการปกครอง
_976
850 _aNALT
942 _cGB
_2lcc
998 _cDAO
_j
_kCRON CRON